PID control of Input-parallel Output-series DC-DC Converter for wide range of input voltage (Record no. 332362)

000 -LEADER
fixed length control field 00551nam a22001457a 4500
082 ## - DEWEY DECIMAL CLASSIFICATION NUMBER
Classification number MSEE-6 ARM
100 ## - MAIN ENTRY--PERSONAL NAME
Personal name Muhammad Armghan Mehmood
245 ## - TITLE STATEMENT
Title PID control of Input-parallel Output-series DC-DC Converter for wide range of input voltage
260 ## - PUBLICATION, DISTRIBUTION, ETC.
Place of publication, distribution, etc. Islamabad
Name of publisher, distributor, etc. NUST-SEECS
Date of publication, distribution, etc. 2017
300 ## - PHYSICAL DESCRIPTION
Extent 47p.
Accompanying material CD Includes
856 ## - Uniform Resource Identifier
Uniform Resource Identifier <a href="http://10.250.8.41:8080/xmlui/handle/123456789/24509">http://10.250.8.41:8080/xmlui/handle/123456789/24509</a>
942 ## - ADDED ENTRY ELEMENTS (KOHA)
Source of classification or shelving scheme
Koha item type Thesis
Holdings
Withdrawn status Lost status Source of classification or shelving scheme Damaged status Not for loan Collection code Permanent Location Current Location Shelving location Date acquired Source of acquisition Total Checkouts Full call number Barcode Date last seen Price effective from Koha item type Non-public note
            Central Library (CL) Central Library (CL) General Stacks 12/03/2017 NUST-SEECS   MSEE-6 ARM SEECSP02207 12/03/2017 12/03/2017 Project Report  
            Central Library (CL) Central Library (CL) Thesis 09/18/2019     621.3 CL-T-3515 09/18/2019 09/18/2019 Book Minute Sheet No. 0929/02/CL/Survey/5 dated 23rd April 2024 E-MIN ID 114741
            Central Library (CL) Central Library (CL) Thesis 01/01/2020     621.3 MSEE-6 ARM CL-T-4463 01/01/2020 01/01/2020 Thesis  
© 2023 Central Library, National University of Sciences and Technology. All Rights Reserved.